polszczy piłkarze po klubach - Statystyki

Ogólne statystyki
  • Ten quiz został rozwiązany 109 razy
  • Średni wynik to 6 z 7
Statystyki odpowiedzi
klub imię i nazwisko % Poprawnych
fc barcelona robert lewandowski
100%
juventus wojciech szczęsny
98%
napoli piotr zieliński
95%
juventus arkadiusz milik
90%
as roma nicola zalewski
88%
spartak moskwa maciej rybus
65%
charlotte fc karol świderski
60%
Nie znaleziono quizów pasujących do podanych kryteriów
Rozkład punktacji
Procent ludzi z każdym wynikiem
Percentyl według liczby udzielonych odpowiedzi
Twoja historia wyników
Nie rozwiązałeś tego quizu